Juana de Nápoles o los crímenes de una reina / (Record no. 47671)

MARC details
000 -LEADER
campo de control de longitud fija 00822nam a2200229 i 4500
001 - NÚMERO DE CONTROL
campo de control 47671
003 - IDENTIFICADOR DE NÚMERO DE CONTROL
campo de control ES-MaACL
005 - FECHA Y HORA DE LA ÚLTIMA TRANSACCIÓN
campo de control 20230906161616.0
007 - CAMPO FIJO DE DESCRIPCIÓN FÍSICA--INFORMACIÓN GENERAL
campo de control de longitud fija t|
008 - DATOS DE LONGITUD FIJA--INFORMACIÓN GENERAL
campo de control de longitud fija 030514s1852 sp ||||1| spa d
080 ## - NÚMERO DE LA CLASIFICACIÓN DECIMAL UNIVERSAL
Número de la Clasificación Decimal Universal 821.133.1-31"18"
100 1# - ENTRADA PRINCIPAL--NOMBRE DE PERSONA
Nombre de persona Mole Gentilhomme, Paul.
9 (RLIN) 130017
245 10 - MENCIÓN DEL TÍTULO
Título Juana de Nápoles o los crímenes de una reina /
Mención de responsabilidad, etc. novela escrita en francés por Mole Gentilhomme ; y traducida por José Manuel Carvallo.
260 ## - PUBLICACIÓN, DISTRIBUCIÓN, ETC.
Lugar de publicación, distribución, etc. [Madrid :
Nombre del editor, distribuidor, etc. Ediciones Populares.,
Fecha de publicación, distribución, etc. 1852] (
Fabricante Imp. del Seminario Pintoresco)
300 ## - DESCRIPCIÓN FÍSICA
Extensión 44 p. :
Otras características físicas il. ;
Dimensiones 30 cm.
490 1# - MENCIÓN DE SERIE
Mención de serie Biblioteca universal
500 ## - NOTA GENERAL
Nota general Texto a dos columnas.
700 1# - ENTRADA AGREGADA--NOMBRE PERSONAL
Nombre de persona Carvallo, José Manuel.
9 (RLIN) 35971
830 0# - PUNTO DE ACCESO ADICIONAL DE SERIE-TÍTULO UNIFORME
Título uniforme Biblioteca universal
9 (RLIN) 188102
852 ## - LOCALIZACIÓN
Ubicación ES-MaACL
Número de control de estantería Fol-Laf-11
Nota libre .- Legado M. de la Fuente
Holdings
Estatus retirado Estado de pérdida Estado de daño No para préstamo Colección Biblioteca de origen Biblioteca actual Ubicación en estantería Fecha de adquisición Fuente de adquisición Total de préstamos Signatura topográfica completa Código de barras Visto por última vez Precio de reemplazo Tipo de ítem Koha
        Colección de folletos Biblioteca del Ateneo de Madrid Biblioteca del Ateneo de Madrid Depósito folletos 17/01/2008     Fol-Laf-11 1050159 23/02/2023 23/02/2023 Folleto